00614nam a22001815i 450000100060000000300090000600500170001500700030003200800410003504000200007610000330009624501210012926000590025030000530030950500170036270000320037985200210041148665ES-MaACL20230906161809.0t|950728s1867 sp ||||1| spa d aCAM bspa cCAM1 aDíaz de Lamarque, Antonia.10aPoesías de la señora Dª Antonia Diaz de Lamarque / c[precedidas de un prólogo de José Fernández Espino]. aSevilla : b[s.n.], c1867 (fImp. Manuel P. Salvador) aLXVII, 312 , [4] p., [1] h. de lám. ; c21 cm.8 aEs el tomo 11 aFernández Espino, José. aES-MaACLjG-7917